| 000 | 01292cam a2200229 4500 | ||
|---|---|---|---|
| 008 | 050126n2003 000 0 eng u | ||
| 020 | _a0110472748 | ||
| 035 | _a(Sirsi) u128635 | ||
| 041 | _aeng | ||
| 245 | _aCommonhold and Leasehold Reform Act 2002 (Commencement No.2 and Savings) (England) Order 2003 | ||
| 260 |
_aLondon _bHMSO _c2003 |
||
| 490 |
_aSI _v2003: 1986 |
||
| 520 | _aBrings various provisions of the Commonhold and Leasehold Reform Act 2002 into force in England on 30 September 2003. These include ss71-113 (allowing long leaseholders to collectively manage their building), 150-155 (service charges), 157-159 (challenging charges under leases and estate management schemes) 163 and 173-176 (extension of jurisdiction of leasehold valuation tribunals) and 172 (application of landlord and tenant provisions to Crown land). Section 151 comes into force on 31 October 2003. View at www.legislation.hmso.gov.uk. | ||
| 590 | _aCLR | ||
| 650 | _aCOMMONHOLD AND LEASEHOLD REFORM ACT 2002 | ||
| 650 | _aSERVICE CHARGES | ||
| 650 | _aLEASEHOLDERS | ||
| 650 | _aLEASEHOLD VALUATION TRIBUNALS | ||
| 690 | _aLANDLORD AND TENANT-LEASEHOLD REFORM | ||
| 856 |
_uhttps://www.legislation.hmso.gov.uk/si/si2003/20031986.htm _zView the SI on the HMSO website... |
||
| 942 | _n0 | ||
| 999 |
_c103963 _d103963 |
||